|
|
|
|
| LEADER |
00892nam a2200217 a 4500 |
| 001 |
000649160 |
| 003 |
CZ BrMZK |
| 005 |
20100727135724.0 |
| 008 |
030128s1992 xr f cze d |
| 040 |
|
|
|a BOA001
|b cze
|c BOA001
|
| 080 |
|
|
|a 669.18.004.15
|2 MRF
|
| 100 |
1 |
|
|a Kafka, Václav,
|d 1942-
|7 mzk2003171556
|4 aut
|
| 245 |
1 |
0 |
|a Nová metoda zjišťování a technicko-ekonomické analýzy vlastních nákladů výroby oceli jako nástroj k zavádění ekonomicky efektivních ocelářských pochodů v ČSFR /
|c Václav Kafka
|
| 260 |
|
|
|a Dobrá u Frýdku-Místku :
|b Infometal,
|c 1992
|
| 300 |
|
|
|a 42 s.
|
| 490 |
1 |
|
|a Hutnické aktuality ;
|v roč. 33, 1992, č. 7
|
| 504 |
|
|
|a Obsahuje bibliografii
|
| 830 |
|
0 |
|a Hutnické aktuality (Infometal)
|
| 910 |
|
|
|a BOA001
|b TK-A-0252.053
|
| 990 |
|
|
|a BK
|
| 996 |
7 |
|
|b 2629944880
|c TK-A-0252.053
|l MZK
|r Sklad / do 24 hodin
|n 1
|w 000649160
|u 000010
|a 1
|e BOA001
|j MZK50
|s A
|